00397pab a2200145 454500008004000000100002100040245007200061260000900133300001200142362001100154650002300165650003400188650001400222773001500236180718b1996 xxu||||| |||| 00| 0 eng d aJalal, Jayashree aReadjusting vocational education in Polandbsome lessons for India. c1996 ap.26-30 a18 May aEducation - Poland aVocational education - Poland aEducation aMainstream